[Event "2nd Turkish League 2017"]
[Site "Konya"]
[Date "2017.07.20"]
[Round "2"]
[White "Tutuncu, Inci"]
[Black "Ozsoy, Damla"]
[Result "0-1"]
[WhiteElo "1436"]
[BlackElo "1490"]
[Annotator "NA"]
[PlyCount "124"]
[EventType "team-tourn"]
[EventCountry "TUR"]
[SourceTitle "playchess.com"]
[Source "ChessBase"]
[SourceQuality "1"]
[TimeControl "5400+30"]

1. Nf3 {[%emt 0:00:30]} Nf6 {[%emt 0:01:00]} 2. g3 {[%emt 0:00:00]} d5 {[%emt 0:01:30]} 3. d3 {[%emt 0:00:00]} g6 {[%emt 0:00:30]} 4. Bg2 {[%emt 0:00:30]} Bg7 {[%emt 0:01:30]} 5. O-O {[%emt 0:00:30]} O-O {[%emt 0:01:30]} 6. Nbd2 {[%emt 0:01:30]} e6 {[%emt 0:11:30]} 7. c4 {[%emt 0:06:30]} c5 {[%emt 0:05:30]} 8. Rb1 {[%emt 0:03:30]} Nc6 {[%emt 0:01:30]} 9. b3 {[%emt 0:04:30]} b6 {[%emt 0:07:30]} 10. cxd5 {[%emt 0:07:30]} exd5 {[%emt 0:07:30]} 11. Bb2 {[%emt 0:03:30]} Re8 {[%emt 0:06:30]} 12. d4 {[%emt 0:06:30]} Qe7 {[%emt 0:08:30]} 13. e3 {[%emt 0:02:30]} Bf5 {[%emt 0:07:30]} 14. Ra1 {[%emt 0:11:30]} Bd3 {[%emt 0:15:30]} 15. Re1 {[%emt 0:00:30]} Ne4 {[%emt 0:01:05]} 16. a3 {[%emt 0:11:30]} Rac8 {[%emt 0:04:10]} 17. Ra2 {[%emt 0:06:30]} c4 {[%emt 0:07:32]} 18. bxc4 {[%emt 0:04:30]} dxc4 {[%emt 0:00:08]} 19. Nxe4 {[%emt 0:10:02]} Bxe4 {[%emt 0:01:03]} 20. Bc3 {[%emt 0:00:27]} Nd8 {[%emt 0:06:09]} 21. Qa1 {[%emt 0:02:50]} Nb7 {[%emt 0:00:57]} 22. Nd2 {[%emt 0:02:17]} Bd3 {[%emt 0:00:25]} 23. d5 {[%emt 0:03:03]} Bxc3 {[%emt 0:01:06]} 24. Qxc3 {[%emt 0:00:07]} Nd6 {[%emt 0:00:00]} 25. a4 {[%emt 0:01:11]} Red8 {[%emt 0:00:49]} 26. Raa1 {[%emt 0:01:13]} Ne4 {[%emt 0:00:52]} 27. Nxe4 {[%emt 0:01:32]} Bxe4 {[%emt 0:00:05]} 28. Rad1 {[%emt 0:00:38]} Bxg2 {[%emt 0:00:30]} 29. Kxg2 {[%emt 0:00:00]} Rxd5 {[%emt 0:00:07]} 30. Rxd5 {[%emt 0:01:01]} Qe4+ {[%emt 0:00:30]} 31. f3 {[%emt 0:00:30]} Qxd5 {[%emt 0:00:30]} 32. e4 {[%emt 0:00:00]} Qc6 {[%emt 0:01:18]} 33. Ra1 {[%emt 0:00:36]} a6 {[%emt 0:00:09]} 34. Kf2 {[%emt 0:00:39]} b5 {[%emt 0:00:39]} 35. axb5 {[%emt 0:00:30]} axb5 {[%emt 0:00:00]} 36. Rb1 {[%emt 0:00:00]} Rb8 {[%emt 0:01:23]} 37. Rb4 {[%emt 0:00:13]} Rd8 {[%emt 0:00:37]} 38. Qe5 {[%emt 0:02:57]} Qb6+ {[%emt 0:01:07]} 39. Kf1 {[%emt 0:00:46]} Rb8 {[%emt 0:00:39]} 40. Ke2 {[%emt 0:01:26]} Qb7 {[%emt 0:00:32]} 41. Kd2 {[%emt 0:01:01]} Rd8+ {[%emt 0:00:32]} 42. Kc2 {[%emt 0:00:24]} Rb8 {[%emt 0:00:33]} 43. Kc3 {[%emt 0:01:17]} Qb6 {[%emt 0:00:15]} 44. Qd4 {[%emt 0:01:10]} Qxd4+ {[%emt 0:00:30]} 45. Kxd4 {[%emt 0:00:30]} Kg7 {[%emt 0:00:30]} 46. Kc3 {[%emt 0:00:00]} Kf6 {[%emt 0:00:00]} 47. f4 {[%emt 0:00:00]} Ke6 {[%emt 0:00:25]} 48. Rb2 {[%emt 0:00:17]} Rb7 {[%emt 0:00:27]} 49. g4 {[%emt 0:00:30]} f5 {[%emt 0:00:13]} 50. gxf5+ {[%emt 0:00:34]} gxf5 {[%emt 0:00:04]} 51. e5 {[%emt 0:00:05]} Kd5 {[%emt 0:00:30]} 52. Rd2+ {[%emt 0:00:14]} Ke4 {[%emt 0:00:24]} 53. Rd4+ {[%emt 0:01:32]} Kf3 {[%emt 0:00:34]} 54. Kb4 {[%emt 0:01:34]} Ke3 {[%emt 0:00:30]} 55. Kc5 {[%emt 0:01:00]} c3 {[%emt 0:00:18]} 56. Kc6 {[%emt 0:01:48]} Rb8 {[%emt 0:01:20]} 57. Kc7 {[%emt 0:01:17]} Rg8 {[%emt 0:00:13]} 58. Rd5 {[%emt 0:00:24]} b4 {[%emt 0:01:46]} 59. e6 {[%emt 0:00:29]} c2 {[%emt 0:00:44]} 60. Rc5 {[%emt 0:00:10]} Kd2 {[%emt 0:00:16]} 61. Kd6 {[%emt 0:01:13]} c1=Q {[%emt 0:00:30]} 62. Rxc1 {[%emt 0:00:30]} Kxc1 {[%emt 0:00:00]} 0-1

[Event "2nd Turkish League 2017"]
[Site "Konya"]
[Date "2017.07.18"]
[Round "3"]
[White "Rzayev, Bahruz"]
[Black "Hasanzade, Toghrul"]
[Result "1/2-1/2"]
[WhiteElo "2386"]
[BlackElo "2352"]
[Annotator "NA"]
[PlyCount "64"]
[EventType "team-tourn"]
[EventCountry "TUR"]
[SourceTitle "playchess.com"]
[Source "ChessBase"]
[SourceQuality "1"]
[TimeControl "5400+30"]

1. e4 {[%emt 0:00:30]} Nf6 {[%emt 0:01:00]} 2. e5 {[%emt 0:00:30]} Nd5 {[%emt 0:00:30]} 3. c4 {[%emt 0:00:30]} Nb6 {[%emt 0:00:30]} 4. c5 {[%emt 0:00:30]} Nd5 {[%emt 0:00:30]} 5. Nc3 {[%emt 0:00:00]} e6 {[%emt 0:02:30]} 6. d4 {[%emt 0:00:00]} d6 {[%emt 0:00:30]} 7. cxd6 {[%emt 0:00:00]} cxd6 {[%emt 0:00:30]} 8. Nf3 {[%emt 0:00:00]} Nc6 {[%emt 0:00:00]} 9. exd6 {[%emt 0:02:30]} Bxd6 {[%emt 0:02:00]} 10. Bd3 {[%emt 0:00:00]} h6 {[%emt 0:03:30]} 11. O-O {[%emt 0:03:00]} Nf6 {[%emt 0:02:30]} 12. a3 {[%emt 0:01:30]} O-O {[%emt 0:00:30]} 13. Bc2 {[%emt 0:00:30]} e5 {[%emt 0:02:30]} 14. dxe5 {[%emt 0:03:30]} Nxe5 {[%emt 0:00:00]} 15. Bf4 {[%emt 0:00:30]} Nxf3+ {[%emt 0:01:00]} 16. Qxf3 {[%emt 0:01:30]} Bxf4 {[%emt 0:02:30]} 17. Qxf4 {[%emt 0:00:00]} Qb6 {[%emt 0:00:30]} 18. Rab1 {[%emt 0:03:00]} Be6 {[%emt 0:01:30]} 19. Rfd1 {[%emt 0:02:30]} Rfd8 {[%emt 0:00:30]} 20. Rxd8+ {[%emt 0:01:30]} Rxd8 {[%emt 0:00:30]} 21. Rd1 {[%emt 0:00:30]} Rxd1+ {[%emt 0:00:30]} 22. Nxd1 {[%emt 0:00:00]} Qd8 {[%emt 0:00:30]} 23. h3 {[%emt 0:00:00]} Nd5 {[%emt 0:00:30]} 24. Qe4 {[%emt 0:01:30]} g6 {[%emt 0:00:30]} 25. Qd4 {[%emt 0:00:30]} Qc7 {[%emt 0:00:30]} 26. Bb3 {[%emt 0:01:30]} Nf4 {[%emt 0:00:30]} 27. Qe3 {[%emt 0:01:30]} Bxb3 {[%emt 0:00:30]} 28. Qxb3 {[%emt 0:00:00]} Qc6 {[%emt 0:00:30]} 29. Ne3 {[%emt 0:00:00]} Qc1+ {[%emt 0:00:30]} 30. Nd1 {[%emt 0:01:30]} Qc6 {[%emt 0:00:30]} 31. Ne3 {[%emt 0:00:30]} Qc1+ {[%emt 0:00:30]} 32. Nd1 {[%emt 0:00:30]} Qc6 {[%emt 0:00:00]} 1/2-1/2

[Event "2nd Turkish League 2017"]
[Site "Konya"]
[Date "2017.07.18"]
[Round "3"]
[White "Lomsadze, Davit"]
[Black "Rasulov, Vugar"]
[Result "0-1"]
[WhiteElo "2335"]
[BlackElo "2517"]
[Annotator "TA"]
[PlyCount "42"]
[EventType "team-tourn"]
[EventCountry "TUR"]
[SourceTitle "playchess.com"]
[Source "ChessBase"]
[SourceQuality "1"]

{[%evp 18,42,25,0,0,0,0,-127,-131,-145,-87,-139,-139,-151,-150,-142,-139,-172,-166,-143,-158,-372,-385,-371,-337,-370,-370]} 1. d4 Nf6 2. Nf3 e6 3. g3 b5 4. Bg2 Bb7 5. O-O c5 6. a4 b4 7. c4 cxd4 {A46: 1 d4 Nf6 2 Nf3 e6: Torre, London and Colle Systems} (7... d6 8. dxc5 d5 9. a5 dxc4 10. Qa4+ Bc6 11. Qxb4 Nbd7 12. Qxc4 Bxc5 13. Be3 Bd5 14. Qc3 Rc8 15. Bxc5 Nxc5 {1-0 (30) Lenderman,A (2598)-Gareev,T (2599) Mesa 2010}) 8. Nxd4 Bxg2 9. Kxg2 d5 10. cxd5 {LiveBook: 3 Games} Qxd5+ 11. f3 Nc6 12. Nb5 $146 (12. Nb3 $11) ({Predecessor:} 12. Nxc6 Qxc6 13. Bg5 Be7 14. Qd3 Qd5 15. Qb5+ Qxb5 16. axb5 {1-0 (52) Gross,G (2317)-Rau,H (2325) Germany 2003}) 12... O-O-O $1 $17 13. Qc2 {Strongly threatening Be3.} Kb7 (13... Qc5 $142 14. Qxc5 Bxc5) 14. Be3 (14. Bf4 $142) 14... a6 15. Rc1 {Threatens to win with Nd2.} b3 $1 {[%cal Rb3c2]} 16. Qc4 Qxc4 ({Wrong is} 16... axb5 $2 17. axb5 Qxc4 18. bxc6+ Kxc6 19. Rxc4+ Kd7 20. Nd2 $18) 17. Rxc4 {[#]} Nd5 $1 $36 {[%cal Rd5e3][%mdl 2048] Black is really pushing.} ({Not} 17... axb5 18. axb5 Ne7 19. Ra7+ Kb8 20. Rcc7 $11) 18. Bf2 {[#]} Na5 $1 {[%cal Ra5c4]} ({Resist} 18... axb5 19. axb5 Nce7 20. Ra7+ Kb8 21. Rca4 $15) 19. Rc1 $2 (19. Re4 $17 {is a better defense.}) 19... axb5 $19 20. axb5 Ra8 21. e4 Nb6 {Precision: White = 27%, Black = 97%.} 0-1

[Event "2nd Turkish League 2017"]
[Site "Konya"]
[Date "2017.07.18"]
[Round "3"]
[White "Arman, Deniz"]
[Black "Mammadov, Zaur"]
[Result "1-0"]
[WhiteElo "2273"]
[BlackElo "2420"]
[Annotator "TA"]
[PlyCount "119"]
[EventType "team-tourn"]
[EventCountry "TUR"]
[SourceTitle "playchess.com"]
[Source "ChessBase"]
[SourceQuality "1"]

{[%evp 16,119,56,56,60,54,53,60,69,52,119,104,81,77,92,83,78,83,83,77,106,69,71,41,106,114,126,122,226,219,220,218,227,227,215,164,155,152,201,154,142,100,112,108,189,0,0,0,158,104,143,131,143,150,305,228,367,365,354,389,378,342,802,0,0,0,0,0,0,0,782,753,660,435,1114,283,477,479,466,442,461,481,493,503,559,557,758,755,712,543,586,603,754,737,685,695,865,868,839,829,849,829,1065,1042,1109,1150]} 1. d4 d5 {[%cal Bd7d5,Bd5c4][%mdl 32]} 2. c4 dxc4 3. Nf3 c5 4. e4 cxd4 5. Qxd4 Qxd4 6. Nxd4 a6 7. Bxc4 e6 {D20: Queen's Gambit Accepted: 3 e3 and 3 e4} (7... e5 8. Nf3 Nc6 9. Nc3 Bg4 10. Be3 Nf6 11. O-O Rc8 12. Nd5 Nxe4 13. Nb6 Rc7 14. Rac1 Nf6 15. Bb3 Bxf3 16. gxf3 Bd6 17. Nc4 Rd7 18. Nxd6+ Rxd6 19. Bc5 Rd7 20. Rfe1 {½-½ (20) Feller,S (2611)-Khenkin,I (2652) Belgium 2011}) 8. Be3 Nf6 9. f3 {LiveBook: 10 Games} Nbd7 {White is slightly better.} 10. Kf2 Bd6 $146 ({Predecessor:} 10... Bc5 11. Nd2 b6 12. a3 Bb7 13. b4 Be7 14. Be2 O-O 15. Nc4 {0-1 (45) Mikhalevski,V (2380)-Lugovoi,A (2390) Budapest 1993}) 11. Nd2 O-O 12. Be2 Bc5 ({Better is} 12... Ne5 $14) 13. Nc4 Nb6 14. Rac1 Rd8 15. Nxb6 Bxb6 16. Nb3 Bxe3+ 17. Kxe3 Bd7 18. Na5 Bb5 19. Rc7 b6 (19... Ne8 $14 20. Rc2 (20. Rxb7 Bxe2 21. Kxe2 Rac8 $11) 20... Rd7) 20. Bxb5 $16 axb5 21. Nc6 Ne8 (21... Rd7 $16 22. Rxd7 Nxd7) 22. Rb7 $18 (22. Nxd8 Nxc7 23. Rd1 Rxa2 $14) 22... Rd6 {[#]} 23. Rc1 $1 ({Much less strong is} 23. Rxb6 $6 Rxa2 24. e5 Rd7 $16) 23... f6 24. a3 ({Don't play} 24. Rxb6 $6 Rxa2 25. Rxb5 Ra6) 24... Kf8 25. Rxb6 Rc8 26. Rc3 Rc7 27. Ra6 e5 28. Ke2 Rcd7 {[#] With the idea ...Rd2+.} 29. Rc2 $1 Rc7 (29... Nc7 $16 30. Ra7 Ne6) 30. Rc3 $2 (30. b3 $18) 30... Rcd7 $1 $11 31. Rc2 $2 (31. Nb4 $11) 31... Rc7 $16 32. b4 (32. b3 $142) 32... Rc8 33. Rc5 Nc7 34. Nb8 Rd4 $2 (34... Nxa6 $16 {might work better.} 35. Rxc8+ Kf7) 35. Rac6 {Na6 is the strong threat.} Rcd8 (35... Rxb8 $142 36. Rxc7 Rdd8) 36. Rxc7 $18 Rd2+ 37. Ke1 Rd1+ 38. Kf2 R8d2+ $2 (38... Rxb8 39. Ra7 Rbd8) 39. Ke3 $2 ({Only move:} 39. Kg3 $18) 39... Rd3+ $1 $11 40. Ke2 R3d2+ $2 {[%mdl 8192]} (40... R1d2+ $11 41. Ke1 Rxg2) 41. Ke3 $18 Rd3+ $1 42. Kf2 R3d2+ $1 43. Kg3 Rg1 44. Nd7+ ({Weaker is} 44. Rc8+ Kf7 $11) 44... Kg8 (44... Ke8 $142 45. Nxe5 fxe5 46. Rxe5+ Kd8) 45. Rc8+ (45. Rxb5 $142 Rgxg2+ 46. Kh3 Rxh2+ 47. Kg4) 45... Kf7 46. Nxe5+ {White is clearly winning.} fxe5 47. Rxe5 Rdxg2+ {[%mdl 4096] Endgame KRR-KRR} 48. Kf4 h6 49. Rc7+ Kg6 50. h4 {[%cal Bh2h4,Bh4h5][%mdl 32]} Rf1 51. h5+ Kh7 52. Rf5 Ra2 53. Rc3 Rh1 54. Rxb5 Rh4+ 55. Ke3 Rhh2 56. Rd5 Kg8 57. Kd4 Kf7 58. Kc5 g6 59. hxg6+ Kxg6 60. Kb6 {Precision: White = 69%, Black = 35%.} 1-0

[Event "2nd Turkish League 2017"]
[Site "Konya"]
[Date "2017.07.18"]
[Round "3"]
[White "Ozturk, Emir"]
[Black "Demirag, Batuhan"]
[Result "1-0"]
[WhiteElo "2202"]
[BlackElo "1914"]
[Annotator "NA"]
[PlyCount "63"]
[EventType "team-tourn"]
[EventCountry "TUR"]
[SourceTitle "playchess.com"]
[Source "ChessBase"]
[SourceQuality "1"]
[TimeControl "5400+30"]

1. d4 {[%emt 0:00:30]} Nf6 {[%emt 0:01:00]} 2. c4 {[%emt 0:00:30]} c5 {[%emt 0:00:30]} 3. d5 {[%emt 0:00:30]} e6 {[%emt 0:00:00]} 4. Nc3 {[%emt 0:00:00]} exd5 {[%emt 0:00:00]} 5. cxd5 {[%emt 0:00:00]} d6 {[%emt 0:00:30]} 6. Nf3 {[%emt 0:00:00]} g6 {[%emt 0:00:00]} 7. Bf4 {[%emt 0:00:00]} Bg7 {[%emt 0:01:00]} 8. Qa4+ {[%emt 0:02:30]} Kf8 {[%emt 0:06:30]} 9. Qd1 {[%emt 0:11:30]} h6 {[%emt 0:03:30]} 10. e4 {[%emt 0:03:30]} Nh5 {[%emt 0:02:30]} 11. Be3 {[%emt 0:00:30]} Nd7 {[%emt 0:10:30]} 12. Be2 {[%emt 0:06:30]} a6 {[%emt 0:07:30]} 13. a4 {[%emt 0:00:30]} Qe7 {[%emt 0:01:30]} 14. Nd2 {[%emt 0:01:30]} Bxc3 {[%emt 0:02:30]} 15. bxc3 {[%emt 0:00:30]} Nhf6 {[%emt 0:00:30]} 16. Qc2 {[%emt 0:09:30]} Kg7 {[%emt 0:00:30]} 17. c4 {[%emt 0:00:30]} Re8 {[%emt 0:05:30]} 18. f3 {[%emt 0:01:30]} Ne5 {[%emt 0:04:30]} 19. Rb1 {[%emt 0:07:30]} Nh5 {[%emt 0:08:30]} 20. g4 {[%emt 0:06:30]} Nf6 {[%emt 0:00:30]} 21. h3 {[%emt 0:01:30]} g5 {[%emt 0:09:30]} 22. Nf1 {[%emt 0:02:30]} Ng6 {[%emt 0:01:30]} 23. Bd2 {[%emt 0:02:30]} Kg8 {[%emt 0:04:30]} 24. Bc3 {[%emt 0:00:30]} Nd7 {[%emt 0:02:30]} 25. Ng3 {[%emt 0:03:30]} Nde5 {[%emt 0:00:30]} 26. Kf2 {[%emt 0:00:30]} Nf4 {[%emt 0:01:30]} 27. Bd2 {[%emt 0:02:30]} Nfg6 {[%emt 0:04:30]} 28. Nh5 {[%emt 0:00:30]} Ra7 {[%emt 0:03:03]} 29. Kg3 {[%emt 0:06:30]} Ra8 {[%emt 0:02:00]} 30. Qc3 {[%emt 0:01:30]} Ra7 {[%emt 0:02:13]} 31. Rb6 {[%emt 0:00:30]} Nd7 {[%emt 0:01:43]} 32. Qg7# {[%emt 0:00:30]} 1-0

[Event "2nd Turkish League 2017"]
[Site "Konya"]
[Date "2017.07.18"]
[Round "3"]
[White "Eren, Baran"]
[Black "Kuruz, Yusuf"]
[Result "1/2-1/2"]
[WhiteElo "2143"]
[BlackElo "1906"]
[Annotator "NA"]
[PlyCount "45"]
[EventType "team-tourn"]
[EventCountry "TUR"]
[SourceTitle "playchess.com"]
[Source "ChessBase"]
[SourceQuality "1"]
[TimeControl "5400+30"]

1. c4 {[%emt 0:00:30]} Nf6 {[%emt 0:02:00]} 2. g3 {[%emt 0:00:00]} g6 {[%emt 0:00:30]} 3. Bg2 {[%emt 0:00:00]} Bg7 {[%emt 0:00:30]} 4. Nc3 {[%emt 0:00:00]} O-O {[%emt 0:00:30]} 5. d3 {[%emt 0:00:00]} c5 {[%emt 0:03:30]} 6. a3 {[%emt 0:00:30]} Nc6 {[%emt 0:00:30]} 7. Rb1 {[%emt 0:02:30]} a5 {[%emt 0:07:30]} 8. e4 {[%emt 0:00:00]} d6 {[%emt 0:01:30]} 9. Nge2 {[%emt 0:00:00]} e5 {[%emt 0:01:30]} 10. O-O {[%emt 0:00:30]} Nh5 {[%emt 0:03:30]} 11. f4 {[%emt 0:03:30]} exf4 {[%emt 0:02:30]} 12. Nxf4 {[%emt 0:01:30]} Nxf4 {[%emt 0:01:30]} 13. Bxf4 {[%emt 0:00:30]} Nd4 {[%emt 0:06:30]} 14. Kh1 {[%emt 0:04:30]} Be6 {[%emt 0:04:30]} 15. Be3 {[%emt 0:15:30]} Qd7 {[%emt 0:03:30]} 16. Bxd4 {[%emt 0:00:30]} Bxd4 {[%emt 0:00:00]} 17. Ne2 {[%emt 0:01:30]} Bg4 {[%emt 0:04:00]} 18. Bf3 {[%emt 0:00:30]} Bh3 {[%emt 0:00:00]} 19. Bg2 {[%emt 0:00:00]} Bg4 {[%emt 0:00:00]} 20. Bf3 {[%emt 0:00:00]} Bh3 {[%emt 0:01:30]} 21. Bg2 {[%emt 0:00:30]} Bg4 {[%emt 0:00:30]} 22. Qd2 {[%emt 0:00:00]} Bh3 {[%emt 0:00:30]} 23. Qd1 {[%emt 0:00:00]} 1/2-1/2

[Event "2nd Turkish League 2017"]
[Site "Konya"]
[Date "2017.07.18"]
[Round "3"]
[White "Bayrak, Asli"]
[Black "Karagulle, Hulya"]
[Result "1-0"]
[WhiteElo "2056"]
[BlackElo "1476"]
[Annotator "NA"]
[PlyCount "55"]
[EventType "team-tourn"]
[EventCountry "TUR"]
[SourceTitle "playchess.com"]
[Source "ChessBase"]
[SourceQuality "1"]
[TimeControl "5400+30"]

1. e4 {[%emt 0:00:30]} c5 {[%emt 0:01:00]} 2. c3 {[%emt 0:00:00]} d6 {[%emt 0:02:30]} 3. d4 {[%emt 0:01:00]} cxd4 {[%emt 0:00:30]} 4. cxd4 {[%emt 0:00:00]} a6 {[%emt 0:00:30]} 5. Nf3 {[%emt 0:00:00]} g6 {[%emt 0:00:30]} 6. Bc4 {[%emt 0:04:30]} e6 {[%emt 0:01:30]} 7. O-O {[%emt 0:00:30]} Bg7 {[%emt 0:00:00]} 8. Nc3 {[%emt 0:01:30]} Ne7 {[%emt 0:00:00]} 9. Be3 {[%emt 0:01:30]} O-O {[%emt 0:03:30]} 10. Qd2 {[%emt 0:00:00]} Nd7 {[%emt 0:00:30]} 11. Bh6 {[%emt 0:01:00]} b5 {[%emt 0:01:30]} 12. Bb3 {[%emt 0:01:30]} Bb7 {[%emt 0:00:30]} 13. Bxg7 {[%emt 0:01:30]} Kxg7 {[%emt 0:00:30]} 14. Qf4 {[%emt 0:03:30]} b4 {[%emt 0:07:30]} 15. Nd1 {[%emt 0:01:30]} d5 {[%emt 0:00:30]} 16. e5 {[%emt 0:01:30]} Rc8 {[%emt 0:02:30]} 17. Ne3 {[%emt 0:01:30]} a5 {[%emt 0:09:30]} 18. Rac1 {[%emt 0:10:30]} Ng8 {[%emt 0:01:30]} 19. h4 {[%emt 0:03:30]} f6 {[%emt 0:05:30]} 20. exf6+ {[%emt 0:02:30]} Ndxf6 {[%emt 0:02:30]} 21. Qe5 {[%emt 0:01:30]} Rxc1 {[%emt 0:10:30]} 22. Rxc1 {[%emt 0:01:30]} Bc8 {[%emt 0:00:30]} 23. g4 {[%emt 0:01:30]} Kf7 {[%emt 0:00:30]} 24. Ng5+ {[%emt 0:01:30]} Ke7 {[%emt 0:01:30]} 25. Rc7+ {[%emt 0:01:30]} Ke8 {[%emt 0:01:30]} 26. Ba4+ {[%emt 0:00:00]} Nd7 {[%emt 0:00:30]} 27. Qxe6+ {[%emt 0:00:00]} Ne7 {[%emt 0:00:30]} 28. Nxd5 {[%emt 0:00:30]} 1-0

[Event "2nd Turkish League 2017"]
[Site "Konya"]
[Date "2017.07.18"]
[Round "3"]
[White "Yalim, Suleyman"]
[Black "Akca, Gani Eren"]
[Result "0-1"]
[WhiteElo "2039"]
[BlackElo "2158"]
[Annotator "NA"]
[PlyCount "64"]
[EventType "team-tourn"]
[EventCountry "TUR"]
[SourceTitle "playchess.com"]
[Source "ChessBase"]
[SourceQuality "1"]
[TimeControl "5400+30"]

1. e4 {[%emt 0:00:30]} e5 {[%emt 0:01:00]} 2. Nf3 {[%emt 0:00:00]} Nc6 {[%emt 0:00:00]} 3. Bb5 {[%emt 0:00:00]} a6 {[%emt 0:00:00]} 4. Ba4 {[%emt 0:00:30]} Nf6 {[%emt 0:00:30]} 5. O-O {[%emt 0:00:30]} Be7 {[%emt 0:00:30]} 6. Re1 {[%emt 0:00:00]} b5 {[%emt 0:00:00]} 7. Bb3 {[%emt 0:00:00]} d6 {[%emt 0:00:00]} 8. c3 {[%emt 0:00:00]} O-O {[%emt 0:00:30]} 9. h3 {[%emt 0:00:00]} Bb7 {[%emt 0:00:00]} 10. d4 {[%emt 0:00:30]} Re8 {[%emt 0:00:00]} 11. Ng5 {[%emt 0:02:30]} Rf8 {[%emt 0:00:30]} 12. Nf3 {[%emt 0:00:30]} h6 {[%emt 0:00:30]} 13. Nbd2 {[%emt 0:00:30]} Re8 {[%emt 0:00:30]} 14. Nf1 {[%emt 0:00:30]} Bf8 {[%emt 0:03:30]} 15. Ng3 {[%emt 0:02:30]} Na5 {[%emt 0:02:30]} 16. Bc2 {[%emt 0:00:30]} Nc4 {[%emt 0:05:30]} 17. a4 {[%emt 0:04:30]} d5 {[%emt 0:17:30]} 18. axb5 {[%emt 0:22:30]} axb5 {[%emt 0:05:30]} 19. Rxa8 {[%emt 0:00:30]} Qxa8 {[%emt 0:00:30]} 20. dxe5 {[%emt 0:16:30]} Nxe4 {[%emt 0:02:30]} 21. Nf5 {[%emt 0:08:30]} Qa6 {[%emt 0:16:30]} 22. N5d4 {[%emt 0:10:30]} c5 {[%emt 0:14:30]} 23. Nb3 {[%emt 0:05:30]} Qa2 {[%emt 0:06:30]} 24. Re2 {[%emt 0:04:30]} Qa8 {[%emt 0:08:43]} 25. Nbd2 {[%emt 0:01:35]} Nexd2 {[%emt 0:02:29]} 26. Bxd2 {[%emt 0:07:49]} d4 {[%emt 0:01:28]} 27. e6 {[%emt 0:07:04]} fxe6 {[%emt 0:05:46]} 28. Bf4 {[%emt 0:03:22]} Nxb2 {[%emt 0:00:30]} 29. Qb1 {[%emt 0:00:30]} Bxf3 {[%emt 0:01:16]} 30. Bh7+ {[%emt 0:02:01]} Kh8 {[%emt 0:00:08]} 31. Qg6 {[%emt 0:00:34]} Bxe2 {[%emt 0:03:08]} 32. Be5 {[%emt 0:00:32]} Bd3 {[%emt 0:00:24]} 0-1

[Event "2nd Turkish League 2017"]
[Site "Konya"]
[Date "2017.07.18"]
[Round "3"]
[White "Yasin, Hur"]
[Black "Kutlu, Sedat"]
[Result "1-0"]
[WhiteElo "2022"]
[BlackElo "1824"]
[Annotator "NA"]
[PlyCount "117"]
[EventType "team-tourn"]
[EventCountry "TUR"]
[SourceTitle "playchess.com"]
[Source "ChessBase"]
[SourceQuality "1"]
[TimeControl "5400+30"]

1. e4 {[%emt 0:00:30]} e5 {[%emt 0:01:00]} 2. Nf3 {[%emt 0:00:30]} Nf6 {[%emt 0:00:00]} 3. d4 {[%emt 0:00:30]} exd4 {[%emt 0:00:00]} 4. e5 {[%emt 0:00:30]} Ne4 {[%emt 0:00:30]} 5. Qxd4 {[%emt 0:04:30]} d5 {[%emt 0:00:00]} 6. exd6 {[%emt 0:00:30]} Nxd6 {[%emt 0:00:00]} 7. Bg5 {[%emt 0:00:30]} f6 {[%emt 0:03:30]} 8. Bf4 {[%emt 0:01:30]} Nc6 {[%emt 0:00:00]} 9. Qd2 {[%emt 0:05:30]} Qe7+ {[%emt 0:03:00]} 10. Be2 {[%emt 0:06:30]} Bg4 {[%emt 0:03:30]} 11. O-O {[%emt 0:01:30]} O-O-O {[%emt 0:00:00]} 12. Re1 {[%emt 0:06:30]} Ne4 {[%emt 0:20:00]} 13. Qc1 {[%emt 0:06:30]} Qc5 {[%emt 0:02:30]} 14. Be3 {[%emt 0:01:30]} Qh5 {[%emt 0:02:30]} 15. h3 {[%emt 0:02:30]} Bd7 {[%emt 0:08:30]} 16. Ng5 {[%emt 0:07:30]} Qe8 {[%emt 0:01:30]} 17. Nxe4 {[%emt 0:00:30]} Qxe4 {[%emt 0:00:30]} 18. Nd2 {[%emt 0:00:30]} Qg6 {[%emt 0:00:30]} 19. Bd3 {[%emt 0:07:30]} Bf5 {[%emt 0:03:30]} 20. Bxf5+ {[%emt 0:01:30]} Qxf5 {[%emt 0:00:00]} 21. c3 {[%emt 0:05:30]} Ne5 {[%emt 0:04:00]} 22. Qb1 {[%emt 0:01:30]} Nd3 {[%emt 0:02:30]} 23. Nf3 {[%emt 0:00:30]} Bc5 {[%emt 0:03:30]} 24. Qc2 {[%emt 0:13:30]} Qh5 {[%emt 0:08:30]} 25. Red1 {[%emt 0:03:30]} Bxe3 {[%emt 0:00:30]} 26. Rxd3 {[%emt 0:02:00]} Rxd3 {[%emt 0:04:30]} 27. Qxd3 {[%emt 0:00:12]} Bc5 {[%emt 0:02:30]} 28. Rd1 {[%emt 0:01:08]} Bd6 {[%emt 0:00:30]} 29. b4 {[%emt 0:00:46]} Rd8 {[%emt 0:01:30]} 30. Qe2 {[%emt 0:04:52]} Re8 {[%emt 0:00:30]} 31. Qc4 {[%emt 0:00:59]} Kb8 {[%emt 0:01:30]} 32. a4 {[%emt 0:00:14]} Qf5 {[%emt 0:04:30]} 33. a5 {[%emt 0:02:08]} a6 {[%emt 0:04:25]} 34. Nd4 {[%emt 0:01:53]} Qe5 {[%emt 0:01:19]} 35. g3 {[%emt 0:00:15]} h5 {[%emt 0:00:20]} 36. Nf3 {[%emt 0:02:13]} Qf5 {[%emt 0:02:30]} 37. Kg2 {[%emt 0:00:41]} g5 {[%emt 0:00:05]} 38. Qf7 {[%emt 0:01:04]} Re2 {[%emt 0:03:40]} 39. Qxh5 {[%emt 0:00:54]} Qc2 {[%emt 0:00:43]} 40. Rd2 {[%emt 0:00:56]} Rxd2 {[%emt 0:00:30]} 41. Qe8+ {[%emt 0:00:30]} Ka7 {[%emt 0:01:11]} 42. Qe3+ {[%emt 0:00:00]} Kb8 {[%emt 0:03:38]} 43. Qxd2 {[%emt 0:00:26]} Qe4 {[%emt 0:01:03]} 44. Qd4 {[%emt 0:00:24]} Qg6 {[%emt 0:02:23]} 45. Qe3 {[%emt 0:02:05]} Qf5 {[%emt 0:02:24]} 46. Nd4 {[%emt 0:01:06]} Qd5+ {[%emt 0:01:07]} 47. Qf3 {[%emt 0:02:21]} Qe5 {[%emt 0:00:08]} 48. Qf5 {[%emt 0:00:45]} Qe7 {[%emt 0:02:23]} 49. Qe6 {[%emt 0:00:31]} Qxe6 {[%emt 0:00:07]} 50. Nxe6 {[%emt 0:00:30]} Be5 {[%emt 0:00:00]} 51. Nd4 {[%emt 0:00:01]} Kc8 {[%emt 0:00:54]} 52. Kf3 {[%emt 0:00:26]} Kd7 {[%emt 0:00:12]} 53. Ke4 {[%emt 0:00:19]} Kd6 {[%emt 0:00:30]} 54. f4 {[%emt 0:00:35]} Bxd4 {[%emt 0:02:16]} 55. Kxd4 {[%emt 0:00:17]} Ke6 {[%emt 0:00:07]} 56. fxg5 {[%emt 0:01:54]} fxg5 {[%emt 0:00:08]} 57. c4 {[%emt 0:01:01]} Kf6 {[%emt 0:00:47]} 58. Kd5 {[%emt 0:00:21]} Kf5 {[%emt 0:00:13]} 59. b5 {[%emt 0:00:49]} 1-0